000 00506nam a22001817a 4500
082 _aP-861
100 _aIsrar Khan
_951917
245 _aRetrofitting of DIS-Tress Members of APS Westridge
260 _aRisalpur,
_bMCE,
_c2020.
300 _aunknown pages
526 _a0
_b0
_c0
_dP_861
650 _aStructure
_bSyn-37
_951918
700 _aAdeel Ahmed
_951919
700 _aMomin Bashir
_951920
700 _aMuhammad Daud
_951921
700 _aSupervisor Dr Adeel Zafar
_936003
942 _2ddc
_cBK
999 _c554400
_d554400